00317nam a2200133Ia 45000030006000000080041000060400015000471000027000622450027000892600034001163000006001505460010001560050017001660STCL150530s9999 xx 000 0 und d aSTCLcSTCL aGanesh sharma Shasthri aAlankar Jhand Vivechan bSoorya Prakashan ;Delhic0aH a0 aHindi20220125171255.0